00453nam a2200157 a 4500008004100000020001800041050001600059100002400075245007700099250001200176260003600188300002100224350001100245650002100256650001800277150825s1995 ||||||||||||||||| || u a9780133409369 aQP 34.5 Mar aMartini, Frederic H10aFundamentals of anatomy and physiology.(3rd ed.)cby Frederic H. Martini a3rd ed. aNew JerseybPrentice Hallc1995 aiv, 663p. :ill.  a118.69 0aHUMAN PHYSIOLOGY 0aHUMAN ANATOMY